000 00707nam a22001817a 4500
999 _c14960
_d14960
003 OSt
082 _2631.3 ANJ/DE
088 _aP 276
100 _aANJALI V.L
_aSARI A.K
_aWILSON D'SOUZA
_93889
245 _aDesign and development of a mechanical mixer for talc-based bio control agents
260 _aTavanur 2014
_bDEPARTMENT OF FARM POWER MACHINERY AND ENERGY
300 _a40
500 _aDesign and development of a mechanical mixer for talc-based bio control agents
520 _aDesign and development of a mechanical mixer for talc-based bio control agents
700 _aEr. Suma Nair (Guide)
_93701
856 _uhttps://drive.google.com/open?id=1g5XEX6vbIb-W721ulaLmGZyhuFOfrmxx
942 _cPR